000 00297nam a22001337a 4500
008 170508b xxu||||| |||| 00| 0 eng d
020 _a9780870840739
041 _aeng
080 _23ED
_a343.9
100 _a14
101 _aSHJ
245 _aJUSTICE CRIMINAL
_cBRASWELL.M.C
942 _2udc
_cBK
999 _c12986
_d12986